[Event "Perényi Évadnyitó Open"]
[Site "Budapest"]
[Date "2017.01.07"]
[Round "3.5"]
[White "Joo, Janos"]
[Black "Havanecz, Bianka"]
[Result "1-0"]
[WhiteElo "2059"]
[BlackElo "2209"]
[PlyCount "67"]
[EventDate "2017.01.05"]
[EventType "swiss"]
[EventRounds "9"]
[EventCountry "HUN"]

1. c4 c5 2. g3 g6 3. Bg2 Bg7 4. Nc3 Nc6 5. Nf3 e6 6. O-O Nge7 7. d3 O-O 8. Be3
Nd4 9. Ne4 Qb6 10. Nxd4 cxd4 11. Bg5 f6 12. c5 Qxb2 13. Bf4 Nc6 14. Nd6 Qa3 15.
Nc4 Qa6 16. Qc2 d5 17. Nd6 g5 18. Bd2 Bd7 19. Rfb1 b6 20. Rb3 Rfd8 21. Qc1 bxc5
22. Nb7 Rdb8 23. Rab1 Rxb7 24. Rxb7 Be8 25. Qxc5 Qxa2 26. Qd6 Ne5 27. Qxe6+ Bf7
28. Rb8+ Rxb8 29. Rxb8+ Bf8 30. Qd6 Ng6 31. Bb4 Kg7 32. Rxf8 Nxf8 33. Qxf8+ Kg6
34. Bf3 1-0

[Event "Perényi Évadnyitó Open"]
[Site "Budapest"]
[Date "2017.01.07"]
[Round "3.6"]
[White "Piroska, Istvan"]
[Black "Nadassy, Attila"]
[Result "1/2-1/2"]
[WhiteElo "2153"]
[BlackElo "2007"]
[PlyCount "61"]
[EventDate "2017.01.05"]
[EventType "swiss"]
[EventRounds "9"]
[EventCountry "HUN"]

1. e4 d5 2. exd5 Qxd5 3. Nc3 Qd6 4. d4 Nf6 5. Nf3 Bg4 6. Be2 c6 7. h3 Bh5 8.
O-O e6 9. g3 Qc7 10. Bf4 Bd6 11. Ne5 Bxe2 12. Qxe2 O-O 13. Rfe1 Qe7 14. Rad1
Nbd7 15. Bg5 Qe8 16. Nxd7 Nxd7 17. Qg4 Kh8 18. Qh4 Bb4 19. a3 Bxc3 20. bxc3 f6
21. Bc1 Qf7 22. Qe4 Rfe8 23. a4 a5 24. Bd2 Nb6 25. Rb1 Nc4 26. Bf4 e5 27. dxe5
Nxe5 28. Bxe5 Rxe5 29. Qd4 Rxe1+ 30. Rxe1 h6 31. c4 1/2-1/2

[Event "Perényi Évadnyitó Open"]
[Site "Budapest"]
[Date "2017.01.07"]
[Round "3.7"]
[White "Ongut, Tamas Gunes"]
[Black "Koczo, Kristof"]
[Result "0-1"]
[WhiteElo "2112"]
[BlackElo "2239"]
[PlyCount "58"]
[EventDate "2017.01.05"]
[EventType "swiss"]
[EventRounds "9"]
[EventCountry "HUN"]

1. e4 c6 2. d4 d5 3. e5 e6 4. Bd3 b6 5. f4 Ba6 6. Bxa6 Nxa6 7. Qe2 Nc7 8. Nf3
Ne7 9. Be3 Nf5 10. Bf2 h5 11. Nbd2 Qc8 12. Nh4 Qa6 13. Qf3 Be7 14. Nxf5 exf5
15. Qc3 Kd7 16. a3 Ne6 17. O-O-O Qe2 18. Rhf1 Nxf4 19. Qb3 Nxg2 20. Bg1 g6 21.
Nf3 Qc4 22. e6+ Kxe6 23. Rfe1+ Kf6 24. Qxc4 dxc4 25. d5 c5 26. Re2 Nf4 27. Red2
Bd6 28. h4 Rhe8 29. Ng5 Ne2+ 0-1

[Event "Perényi Évadnyitó Open"]
[Site "Budapest"]
[Date "2017.01.07"]
[Round "3.8"]
[White "Geher, Koppany"]
[Black "Birovecz, Ben Jordan"]
[Result "1/2-1/2"]
[WhiteElo "2013"]
[BlackElo "2012"]
[PlyCount "135"]
[EventDate "2017.01.05"]
[EventType "swiss"]
[EventRounds "9"]
[EventCountry "HUN"]

1. e4 e5 2. Nf3 Nc6 3. Bb5 a6 4. Ba4 Nf6 5. d3 b5 6. Bb3 Bc5 7. O-O d6 8. c3 h6
9. h3 O-O 10. Nbd2 Bb6 11. Bc2 Re8 12. a4 Bb7 13. Re1 Ne7 14. b4 Ng6 15. Nf1 d5
16. Ng3 Qd7 17. Be3 Qc6 18. Bxb6 cxb6 19. Ra3 Rad8 20. Qb1 Rc8 21. d4 dxe4 22.
Nxe4 Nd5 23. axb5 axb5 24. c4 bxc4 25. b5 Qc7 26. Ra7 Rcd8 27. Ng3 Qb8 28. Qa1
Nb4 29. Bxg6 fxg6 30. Rxe5 Rxe5 31. Nxe5 Nc2 32. Qa2 Nxd4 33. Nxc4 Ne2+ 34. Kh2
Bd5 35. Qa4 Nc3 36. Qa1 Bxc4 37. Rxg7+ Kxg7 38. Qxc3+ Kh7 39. Qxc4 Rd7 40. Qe4
Qb7 41. Qe2 Qc7 42. Kg1 Re7 43. Qd3 Qd7 44. Qc4 Qd1+ 45. Kh2 Qd6 46. Kg1 Qd1+
47. Kh2 Qd6 48. Kg1 Qd2 49. Nf1 Qe2 50. Qd5 Qe5 51. Qd3 Qe2 52. Qd5 Qe5 53. Qd3
Qe1 54. Qd5 Qc1 55. Qd3 Rf7 56. Qe2 Qf4 57. Nd2 Qf5 58. Nf3 Qb1+ 59. Kh2 Qb4
60. Qd3 Qf4+ 61. Kg1 Rc7 62. g3 Qc1+ 63. Kg2 Qc3 64. Qd5 Qc4 65. Qe5 Qc5 66.
Qe2 Qd5 67. Qe8 Rf7 68. Qe2 1/2-1/2

[Event "Perényi Évadnyitó Open"]
[Site "Budapest"]
[Date "2017.01.07"]
[Round "3.9"]
[White "Bartuszek, Andras"]
[Black "Zentai, Peter"]
[Result "0-1"]
[WhiteElo "1794"]
[BlackElo "2273"]
[PlyCount "80"]
[EventDate "2017.01.05"]
[EventType "swiss"]
[EventRounds "9"]
[EventCountry "HUN"]

1. e4 e6 2. d4 d5 3. Nd2 h6 4. Ngf3 Nf6 5. e5 Nfd7 6. Nb3 c5 7. dxc5 Nxc5 8.
Be3 b6 9. Nfd4 Ba6 10. Qg4 Qd7 11. Bxa6 Nbxa6 12. O-O Rc8 13. c3 Na4 14. Qe2
N6c5 15. f4 Ne4 16. f5 exf5 17. Rxf5 g6 18. e6 fxe6 19. Re5 Nac5 20. Qg4 Bd6
21. Qxg6+ Qf7 22. Qxf7+ Kxf7 23. Rh5 Nd3 24. Nb5 Nxb2 25. Nxa7 Rc4 26. Bxb6
Nxc3 27. Rh3 Nbd1 28. Rf3+ Ke7 29. Na5 Rf4 30. N7c6+ Kd7 31. Rxf4 Bxf4 32. g3
Bd6 33. a3 Rc8 34. Nb4 Rf8 35. Nd3 e5 36. Nb3 Kc6 37. Ba5 d4 38. Rc1 Kd5 39.
Nb4+ Bxb4 40. Rxc3 Bxc3 0-1

[Event "Perényi Évadnyitó Open"]
[Site "Budapest"]
[Date "2017.01.07"]
[Round "3.10"]
[White "Varga, Klara"]
[Black "Rozsa, Sandor"]
[Result "1-0"]
[WhiteElo "2251"]
[BlackElo "1940"]
[PlyCount "81"]
[EventDate "2017.01.05"]
[EventType "swiss"]
[EventRounds "9"]
[EventCountry "HUN"]

1. c4 e5 2. g3 Bc5 3. Bg2 Nc6 4. Nc3 d6 5. e3 Be6 6. d3 Nge7 7. a3 a5 8. Nge2
d5 9. d4 exd4 10. exd4 Ba7 11. Be3 dxc4 12. d5 Bxe3 13. fxe3 Ne5 14. Qd4 Nd3+
15. Kd2 Nf5 16. Qxc4 Ne5 17. Qf4 Ng6 18. Qf2 c6 19. e4 Nfe7 20. Nd4 cxd5 21.
Nxe6 fxe6 22. exd5 Nf5 23. Rae1 O-O 24. Kc2 e5 25. Kb1 Nfh4 26. Qe2 Nxg2 27.
Qxg2 Qb6 28. Re2 Rac8 29. Rc1 Rc4 30. Rd2 Rd4 31. Qg1 Rc8 32. Ne2 Rxc1+ 33.
Qxc1 Rxd2 34. Qxd2 e4 35. d6 e3 36. Qd5+ Kf8 37. Qe6 Qd8 38. Qf5+ Kg8 39. Qd5+
Kf8 40. Nd4 Qf6 41. d7 1-0

[Event "Perényi Évadnyitó Open"]
[Site "Budapest"]
[Date "2017.01.09"]
[Round "4.1"]
[White "Aczel, Gergely"]
[Black "Joo, Janos"]
[Result "1-0"]
[WhiteElo "2548"]
[BlackElo "2059"]
[PlyCount "63"]
[EventDate "2017.01.05"]
[EventType "swiss"]
[EventRounds "9"]
[EventCountry "HUN"]

1. d4 g6 2. c4 Bg7 3. Nc3 c5 4. d5 d6 5. e4 Nf6 6. Be2 O-O 7. Bg5 h6 8. Be3 e6
9. Qd2 exd5 10. cxd5 Kh7 11. f3 a6 12. a4 Qa5 13. Ra3 Re8 14. g4 Ng8 15. Nh3
Nd7 16. Nf2 Rb8 17. h4 Qb4 18. g5 Bd4 19. Nd3 Bxe3 20. Qxe3 Qd4 21. Qf4 f5 22.
Qxd6 b5 23. axb5 Rb6 24. Qc7 fxe4 25. Nxe4 Rxb5 26. h5 c4 27. hxg6+ Kg7 28. Qf4
Kxg6 29. gxh6 Rxe4 30. fxe4 Qf6 31. h7 cxd3 32. hxg8=Q+ 1-0

[Event "Perényi Évadnyitó Open"]
[Site "Budapest"]
[Date "2017.01.09"]
[Round "4.2"]
[White "Nemeth, Zoltan"]
[Black "Balint, Vilmos"]
[Result "0-1"]
[WhiteElo "2284"]
[BlackElo "2311"]
[PlyCount "74"]
[EventDate "2017.01.05"]
[EventType "swiss"]
[EventRounds "9"]
[EventCountry "HUN"]

1. d4 e6 2. c4 b6 3. a3 Bb7 4. Nc3 f5 5. d5 Na6 6. g3 Nf6 7. Bg2 Nc5 8. Nh3 Bd6
9. O-O O-O 10. Qc2 a5 11. Be3 Be5 12. Bxc5 bxc5 13. Rad1 Ra6 14. e3 Qa8 15. Nf4
Bxc3 16. bxc3 e5 17. Nd3 d6 18. f4 e4 19. Nf2 Rb6 20. g4 g6 21. Bh3 Ba6 22.
gxf5 Bxc4 23. fxg6 Bb3 24. Be6+ Kg7 25. Qe2 Bxd1 26. Qxd1 hxg6 27. c4 Rb2 28.
Qe1 Qb7 29. Kh1 Rh8 30. Rg1 Rh6 31. h3 Rc2 32. Nd1 Qb3 33. Qxa5 Ne8 34. Qe1
Qxc4 35. Qg3 Qe2 36. Bf5 Nf6 37. Bxg6 Ng4 0-1

[Event "Perényi Évadnyitó Open"]
[Site "Budapest"]
[Date "2017.01.09"]
[Round "4.3"]
[White "Nadassy, Attila"]
[Black "Farago, Sandor"]
[Result "0-1"]
[WhiteElo "2007"]
[BlackElo "2275"]
[PlyCount "64"]
[EventDate "2017.01.05"]
[EventType "swiss"]
[EventRounds "9"]
[EventCountry "HUN"]

1. d4 Nf6 2. Be3 g6 3. Nf3 Bg7 4. c4 d6 5. Nc3 Nbd7 6. g3 Ng4 7. Bf4 c5 8. d5
Qa5 9. Bd2 Nge5 10. Nxe5 Nxe5 11. Nb5 Qd8 12. Bc3 a6 13. Na3 O-O 14. Bg2 Bd7
15. Qb3 Rb8 16. h3 b5 17. cxb5 axb5 18. Bd2 b4 19. Nc2 c4 20. Qe3 c3 21. bxc3
Nc4 22. Qd3 Nxd2 23. Nxb4 Rxb4 24. cxb4 Bxa1 25. Qxd2 Qc8 26. O-O Bc3 27. Qe3
Bxb4 28. Rc1 Bc5 29. Qh6 Qa6 30. Bf3 Qxa2 31. h4 Qb2 32. Rc4 Ra8 0-1

[Event "Perényi Évadnyitó Open"]
[Site "Budapest"]
[Date "2017.01.09"]
[Round "4.4"]
[White "Koczo, Kristof"]
[Black "Karacsonyi, Gellert"]
[Result "1-0"]
[WhiteElo "2239"]
[BlackElo "2057"]
[PlyCount "83"]
[EventDate "2017.01.05"]
[EventType "swiss"]
[EventRounds "9"]
[EventCountry "HUN"]

1. d4 Nf6 2. c4 e6 3. Nc3 Bb4 4. e3 O-O 5. Bd3 c5 6. Nge2 d5 7. a3 cxd4 8. axb4
dxc3 9. Nxc3 dxc4 10. Bxc4 Qc7 11. Qb3 Nc6 12. Be2 e5 13. O-O Be6 14. Qa3 e4
15. b5 Ne5 16. Rd1 Bg4 17. Qd6 Qxd6 18. Rxd6 Bxe2 19. Nxe2 Rfc8 20. Nc3 Nd3 21.
f3 Rc4 22. Rxa7 Rac8 23. Bd2 Rb4 24. fxe4 Nc5 25. Nd5 Nxd5 26. Rxd5 Nxe4 27.
Bc3 g6 28. Rc5 Rd8 29. Rd5 Rc8 30. h3 Nxc3 31. bxc3 Rxc3 32. Rxb7 Rxe3 33. Rdd7
Rb2 34. Rxf7 Ree2 35. Rg7+ Kf8 36. Rbf7+ Ke8 37. Rc7 Rxg2+ 38. Kf1 Rgf2+ 39.
Ke1 Rfe2+ 40. Kd1 Red2+ 41. Kc1 Kd8 42. b6 1-0

[Event "Perényi Évadnyitó Open"]
[Site "Budapest"]
[Date "2017.01.09"]
[Round "4.5"]
[White "Zentai, Peter"]
[Black "Mester, Attila"]
[Result "1-0"]
[WhiteElo "2273"]
[BlackElo "2084"]
[PlyCount "35"]
[EventDate "2017.01.05"]
[EventType "swiss"]
[EventRounds "9"]
[EventCountry "HUN"]

1. d4 Nf6 2. c4 g6 3. Nc3 Bg7 4. e4 d6 5. Be2 O-O 6. Nf3 e5 7. O-O exd4 8. Nxd4
Re8 9. f3 c6 10. Kh1 Nbd7 11. Bf4 Nh5 12. Be3 f5 13. g3 f4 14. gxf4 Bh6 15. Rg1
Nf8 16. Qd2 Qh4 17. f5 Nf4 18. Rg4 1-0

[Event "Perényi Évadnyitó Open"]
[Site "Budapest"]
[Date "2017.01.09"]
[Round "4.6"]
[White "Kovacs, Gabor Etele"]
[Black "Varga, Klara"]
[Result "1/2-1/2"]
[WhiteElo "2066"]
[BlackElo "2251"]
[PlyCount "130"]
[EventDate "2017.01.05"]
[EventType "swiss"]
[EventRounds "9"]
[EventCountry "HUN"]

1. e4 e6 2. d4 d5 3. Nd2 Nc6 4. Ngf3 Nf6 5. e5 Nd7 6. c3 f6 7. exf6 Qxf6 8. Bd3
e5 9. dxe5 Ndxe5 10. Nxe5 Nxe5 11. Be2 c6 12. Nf3 Bd6 13. h3 Nxf3+ 14. Bxf3 O-O
15. Be3 Be6 16. Qd2 Kh8 17. O-O-O b5 18. Bg4 a5 19. Bd4 Qg6 20. Bxe6 Qxe6 21.
Kb1 b4 22. Rhe1 Qg6+ 23. Qc2 Qf7 24. f3 Rfb8 25. c4 Bg3 26. Re2 dxc4 27. Re4
Re8 28. Rg4 Be5 29. Bxe5 Rxe5 30. Qxc4 Qf6 31. Rf4 Qg6+ 32. Qc2 Qxc2+ 33. Kxc2
h6 34. Rfd4 Kh7 35. Rd6 Rc5+ 36. Kd2 Re8 37. Rc1 Re2+ 38. Kxe2 Rxc1 39. g3 Rh1
40. Rxc6 Rxh3 41. Ra6 Rxg3 42. Rxa5 Rg2+ 43. Ke3 Rxb2 44. Ra6 h5 45. Kf4 b3 46.
axb3 Rxb3 47. Kg5 Rb5+ 48. Kh4 g6 49. Ra8 Rf5 50. Kg3 g5 51. Ra7+ Kg6 52. Ra6+
Rf6 53. Ra5 Re6 54. Ra8 Kf5 55. Ra5+ Re5 56. Ra4 h4+ 57. Kh3 Re3 58. Kg2 Re2+
59. Kg1 Rd2 60. Rb4 h3 61. Rg4 Rd3 62. Rg3 Kf4 63. Rg4+ Kf5 64. Rg3 Kf4 65.
Rg4+ Kxf3 1/2-1/2

[Event "Perényi Évadnyitó Open"]
[Site "Budapest"]
[Date "2017.01.09"]
[Round "4.7"]
[White "Szalanczy, Emil"]
[Black "Molnar, Jozsef"]
[Result "0-1"]
[WhiteElo "2215"]
[BlackElo "2066"]
[PlyCount "104"]
[EventDate "2017.01.05"]
[EventType "swiss"]
[EventRounds "9"]
[EventCountry "HUN"]

1. e4 c5 2. Nf3 Nc6 3. d4 cxd4 4. Nxd4 Nf6 5. Nc3 e5 6. Ndb5 d6 7. Bg5 a6 8.
Na3 b5 9. Nd5 Qa5+ 10. Bd2 Qd8 11. Bd3 Be7 12. c4 Nxd5 13. cxd5 Nb8 14. Nc2 Bg5
15. Nb4 O-O 16. Rc1 f5 17. O-O Bxd2 18. Qxd2 f4 19. f3 Rf6 20. Qf2 Rg6 21. Rfd1
Nd7 22. Nc6 Qg5 23. Bf1 Nf8 24. Rd2 Rh6 25. Rdc2 Bd7 26. Kh1 Ng6 27. h3 Nh4 28.
Kh2 Rg6 29. Rc3 Re8 30. b4 Qh5 31. Ra3 Rg3 32. Rcc3 h6 33. Rxa6 Nxg2 34. Qxg2
Rxg2+ 35. Bxg2 Qh4 36. Rc1 Qg3+ 37. Kg1 Bxh3 38. Rc2 Bxg2 39. Rxg2 Qxf3 40. Ra7
Qe3+ 41. Kh2 g5 42. Ne7+ Kf7 43. Nc6+ Kf8 44. a4 f3 45. Ra2 Qe2+ 46. Rxe2 fxe2
47. axb5 e1=Q 48. Ra2 Qh4+ 49. Kg1 Qxe4 50. Rf2+ Kg7 51. b6 Qxd5 52. b5 Qxb5
0-1

[Event "Perényi Évadnyitó Open"]
[Site "Budapest"]
[Date "2017.01.09"]
[Round "4.8"]
[White "Havanecz, Bianka"]
[Black "Geher, Koppany"]
[Result "1/2-1/2"]
[WhiteElo "2209"]
[BlackElo "2013"]
[PlyCount "75"]
[EventDate "2017.01.05"]
[EventType "swiss"]
[EventRounds "9"]
[EventCountry "HUN"]

1. d4 Nf6 2. c4 g6 3. Nf3 Bg7 4. g3 c6 5. Bg2 O-O 6. O-O d5 7. cxd5 cxd5 8. Nc3
Ne4 9. Nxe4 dxe4 10. Ng5 Qxd4 11. Nxe4 Nc6 12. Qb3 Qb4 13. Qxb4 Nxb4 14. Bg5
Re8 15. a3 Nc6 16. Nc3 Be6 17. Rad1 Rad8 18. Rxd8 Rxd8 19. Rd1 Rxd1+ 20. Nxd1
Kf8 21. Be3 a6 22. Nc3 Bxc3 23. Bxc6 bxc6 24. bxc3 Ke8 25. Bc5 Kd7 26. f4 Bd5
27. Kf2 e6 28. Ke3 Bc4 29. Kf3 f5 30. e4 Bd3 31. e5 h5 32. Kg2 Ke8 33. Kf2 Bc2
34. Ke3 Kd7 35. Bb6 Bd1 36. Kd4 Be2 37. Kc5 Bf1 38. a4 1/2-1/2

[Event "Perényi Évadnyitó Open"]
[Site "Budapest"]
[Date "2017.01.09"]
[Round "4.9"]
[White "Birovecz, Ben Jordan"]
[Black "Piroska, Istvan"]
[Result "0-1"]
[WhiteElo "2012"]
[BlackElo "2153"]
[PlyCount "86"]
[EventDate "2017.01.05"]
[EventType "swiss"]
[EventRounds "9"]
[EventCountry "HUN"]

1. e4 e5 2. Nf3 Nc6 3. Bc4 Bc5 4. b4 Bxb4 5. c3 Be7 6. d4 Na5 7. Be2 d6 8. O-O
Nc6 9. Qb3 Nf6 10. dxe5 Nxe5 11. Nxe5 dxe5 12. Rd1 Bd6 13. Ba3 O-O 14. c4 b6
15. Nc3 Qe7 16. Bxd6 cxd6 17. Qb4 Rd8 18. Rd2 Be6 19. Rad1 Rac8 20. f4 Rc5 21.
f5 Bc8 22. g4 h6 23. Na4 Nxe4 24. Nxc5 bxc5 25. Qb8 Nxd2 26. Rxd2 Bxf5 27. Qb3
Qg5 28. Qb2 Bxg4 29. Bxg4 Qxg4+ 30. Rg2 Qd4+ 31. Qxd4 cxd4 32. Rb2 Rd7 33. Rb8+
Kh7 34. Kf2 f5 35. a4 Rc7 36. a5 Rxc4 37. Rb7 e4 38. Rxa7 Rc2+ 39. Ke1 Ra2 40.
a6 e3 41. Rf7 d3 42. Kf1 Ra1+ 43. Kg2 d2 0-1

[Event "Perényi Évadnyitó Open"]
[Site "Budapest"]
[Date "2017.01.09"]
[Round "4.10"]
[White "Ritter, Gabor Dr"]
[Black "Torok, Tamas Titusz"]
[Result "1-0"]
[WhiteElo "2008"]
[BlackElo "2142"]
[PlyCount "113"]
[EventDate "2017.01.05"]
[EventType "swiss"]
[EventRounds "9"]
[EventCountry "HUN"]

1. d4 d5 2. c4 Nc6 3. Nc3 Nf6 4. cxd5 Nxd5 5. e4 Nxc3 6. bxc3 e5 7. Nf3 exd4 8.
cxd4 Bb4+ 9. Bd2 Qe7 10. e5 O-O 11. Bxb4 Qxb4+ 12. Qd2 Qxd2+ 13. Kxd2 Rd8 14.
Kc3 Bg4 15. Rd1 Bxf3 16. gxf3 Nxe5 17. Rb1 Nd7 18. Rxb7 c5 19. dxc5 Nxc5 20.
Rc7 Na4+ 21. Kb3 Nb6 22. Ba6 Nd5 23. Rb7 Nf4 24. Bc4 Rab8 25. Rxb8 Rxb8+ 26.
Kc3 g6 27. Rd1 Rb7 28. a4 a5 29. Rd8+ Kg7 30. Ra8 Nh3 31. Rxa5 Nxf2 32. Rb5 Re7
33. Bd5 Nd1+ 34. Kd2 Ne3 35. a5 Nxd5 36. Rxd5 Re6 37. Rd4 Ra6 38. Ra4 Kf6 39.
Kd3 Ke5 40. Kc4 Ra8 41. Kc5 f5 42. Kb6 g5 43. a6 h5 44. Kb7 Rg8 45. a7 Rg7+ 46.
Kc6 Rg8 47. a8=Q Rxa8 48. Rxa8 Kf4 49. Ra3 g4 50. fxg4 fxg4 51. Kd5 h4 52. Ra4+
Kf3 53. Ke5 g3 54. Ra3+ Kf2 55. h3 g2 56. Kf4 g1=N 57. Ra2+ 1-0

[Event "Perényi Évadnyitó Open"]
[Site "Budapest"]
[Date "2017.01.10"]
[Round "5.1"]
[White "Balint, Vilmos"]
[Black "Aczel, Gergely"]
[Result "0-1"]
[WhiteElo "2311"]
[BlackElo "2548"]
[PlyCount "56"]
[EventDate "2017.01.05"]
[EventType "swiss"]
[EventRounds "9"]
[EventCountry "HUN"]

1. d4 Nf6 2. Nc3 d5 3. Bf4 e6 4. e3 Bd6 5. Bd3 c5 6. Qf3 Nc6 7. Bxd6 Qxd6 8.
Nb5 Qe7 9. dxc5 O-O 10. Qg3 e5 11. Nd6 b6 12. Bf5 Be6 13. e4 bxc5 14. exd5 Bxd5
15. Nb5 Rab8 16. Nc3 Nd4 17. Nxd5 Nxd5 18. Be4 Nf6 19. Qh4 h6 20. c3 g5 21.
Qxh6 Nxe4 22. cxd4 exd4 23. O-O-O Rxb2 24. Kxb2 c4 25. Ka1 Rb8 26. Ne2 d3 27.
f4 Rb6 28. Qh3 Qf6+ 0-1

[Event "Perényi Évadnyitó Open"]
[Site "Budapest"]
[Date "2017.01.10"]
[Round "5.2"]
[White "Farago, Sandor"]
[Black "Koczo, Kristof"]
[Result "1-0"]
[WhiteElo "2275"]
[BlackElo "2239"]
[PlyCount "91"]
[EventDate "2017.01.05"]
[EventType "swiss"]
[EventRounds "9"]
[EventCountry "HUN"]

1. e4 c5 2. Nf3 d6 3. d4 cxd4 4. Nxd4 Nf6 5. Nc3 a6 6. Bg5 e6 7. Qd2 Be7 8. f3
h6 9. Be3 b5 10. a3 Bb7 11. O-O-O Nbd7 12. g4 Rc8 13. h4 d5 14. exd5 Nxd5 15.
Nxd5 Bxd5 16. Be2 Qc7 17. Kb1 Nb6 18. g5 Nc4 19. Bxc4 Qxc4 20. b3 Qc7 21. gxh6
gxh6 22. Rhg1 Bxa3 23. Bf4 Bd6 24. Bxd6 Qxd6 25. Nf5 Qc7 26. Rde1 Kd7 27. Rg7
Kc6 28. Nxh6 Rhf8 29. Ng4 Kb7 30. Ne5 a5 31. Qd3 Ka8 32. h5 a4 33. bxa4 Qa5 34.
Re3 bxa4 35. Nd7 Rg8 36. h6 Qa7 37. Nf6 Qb7+ 38. Kc1 Rh8 39. h7 Bb3 40. Rg8 Ka7
41. Qd4+ Ka6 42. Rc3 Ka5 43. Rxh8 Rxh8 44. Rc5+ Ka6 45. Qd6+ Qb6 46. Rc6 1-0

[Event "Perényi Évadnyitó Open"]
[Site "Budapest"]
[Date "2017.01.10"]
[Round "5.3"]
[White "Kovacs, Judit"]
[Black "Nemeth, Zoltan"]
[Result "0-1"]
[WhiteElo "2098"]
[BlackElo "2284"]
[PlyCount "78"]
[EventDate "2017.01.05"]
[EventType "swiss"]
[EventRounds "9"]
[EventCountry "HUN"]

1. Nf3 Nc6 2. d4 d5 3. g3 f6 4. c4 e5 5. dxe5 Bb4+ 6. Bd2 dxc4 7. exf6 Nxf6 8.
Bg2 Be6 9. O-O Qe7 10. Bxb4 Qxb4 11. Qc2 O-O-O 12. Nbd2 Nd4 13. Nxd4 Rxd4 14.
Nf3 Rd6 15. Rac1 Qa5 16. b3 cxb3 17. axb3 Rhd8 18. e3 Bf5 19. Qb2 Be4 20. Qc3
Qxc3 21. Rxc3 Rd3 22. Rxd3 Rxd3 23. Bh3+ Kb8 24. Nd4 c5 25. Ne6 b6 26. Nxg7
Rxb3 27. f3 Bd3 28. Rd1 c4 29. Be6 b5 30. e4 Rb1 31. Rxb1 Bxb1 32. Kf2 a5 33.
e5 Ne8 34. Nxe8 a4 35. Nd6 a3 36. Nxb5 a2 37. Bxc4 a1=Q 38. f4 Bf5 39. Be2 Qh1
0-1

[Event "Perényi Évadnyitó Open"]
[Site "Budapest"]
[Date "2017.01.10"]
[Round "5.4"]
[White "Molnar, Jozsef"]
[Black "Zentai, Peter"]
[Result "0-1"]
[WhiteElo "2066"]
[BlackElo "2273"]
[PlyCount "114"]
[EventDate "2017.01.05"]
[EventType "swiss"]
[EventRounds "9"]
[EventCountry "HUN"]

1. e4 e6 2. d4 d5 3. Nd2 c5 4. c3 cxd4 5. cxd4 dxe4 6. Nxe4 Nf6 7. Bd3 Nxe4 8.
Bxe4 Bb4+ 9. Bd2 Bxd2+ 10. Qxd2 Nd7 11. Nf3 Nf6 12. Bd3 O-O 13. O-O b6 14. Rad1
Qd5 15. Rfe1 Bb7 16. Re5 Qd6 17. Rg5 Be4 18. Qe3 Bxd3 19. Rxd3 Nd5 20. Qd2 Qf4
21. g3 Qxd2 22. Rxd2 f5 23. Ne5 Rac8 24. Kf1 Rc1+ 25. Ke2 Nf6 26. f3 Rh1 27.
Kd3 Rc8 28. g4 f4 29. Nc4 Nd5 30. a3 Rf1 31. Ke2 Rh1 32. Kd3 Rf1 33. Ke2 Rc1
34. Nd6 R8c6 35. Ne4 Rh1 36. Kd3 Re1 37. Re2 Rxe2 38. Kxe2 Rc2+ 39. Nd2 Rxb2
40. Kd3 Ra2 41. Nc4 b5 42. Nd2 Rxa3+ 43. Kc2 Re3 44. h4 h6 45. Rh5 Kh7 46. Ne4
b4 47. Re5 Nf6 48. Rxe6 Nxe4 49. fxe4 b3+ 50. Kb2 f3 51. g5 hxg5 52. Re5 g4 53.
Rf5 Rxe4 54. d5 Re2+ 55. Kxb3 f2 56. d6 g3 57. Kc3 Re8 0-1

[Event "Perényi Évadnyitó Open"]
[Site "Budapest"]
[Date "2017.01.10"]
[Round "5.5"]
[White "Piroska, Istvan"]
[Black "Ritter, Gabor Dr"]
[Result "1-0"]
[WhiteElo "2153"]
[BlackElo "2008"]
[PlyCount "39"]
[EventDate "2017.01.05"]
[EventType "swiss"]
[EventRounds "9"]
[EventCountry "HUN"]

1. e4 c5 2. Nf3 e6 3. d4 cxd4 4. Nxd4 Nc6 5. Nc3 Qc7 6. a3 a6 7. f4 d6 8. Nb3
Nf6 9. Be2 Be7 10. O-O O-O 11. Be3 b5 12. Bf3 Bb7 13. Qe1 Rac8 14. Qg3 Na5 15.
Nxa5 Qxa5 16. e5 Nd5 17. Bxd5 Bxd5 18. f5 f6 19. Nxd5 exd5 20. Bh6 1-0

[Event "Perényi Évadnyitó Open"]
[Site "Budapest"]
[Date "2017.01.10"]
[Round "5.6"]
[White "Joo, Janos"]
[Black "Borda, Lajos"]
[Result "1-0"]
[WhiteElo "2059"]
[BlackElo "2102"]
[PlyCount "69"]
[EventDate "2017.01.05"]
[EventType "swiss"]
[EventRounds "9"]
[EventCountry "HUN"]

1. c4 e5 2. g3 d6 3. Nc3 g6 4. d4 Nd7 5. Nf3 Bg7 6. Bg2 exd4 7. Nxd4 Ne7 8. h4
h6 9. Bf4 Nc5 10. Qd2 Rb8 11. Rd1 Bd7 12. O-O Nf5 13. Nxf5 Bxf5 14. e4 Be6 15.
Nd5 Rc8 16. Rfe1 Nd7 17. b3 Ne5 18. f3 f6 19. Be3 g5 20. hxg5 fxg5 21. Bd4 c6
22. Nc3 O-O 23. Rf1 c5 24. Be3 Rc6 25. Nb5 Qb8 26. Nc3 Qe8 27. Nb5 Qb8 28. f4
Ng4 29. e5 dxe5 30. Bxc6 bxc6 31. Nd6 exf4 32. Bxc5 f3 33. Qd3 Ne5 34. Qe4 g4
35. Ra1 1-0

[Event "Perényi Évadnyitó Open"]
[Site "Budapest"]
[Date "2017.01.10"]
[Round "5.7"]
[White "Karacsonyi, Gellert"]
[Black "Varga, Klara"]
[Result "1/2-1/2"]
[WhiteElo "2057"]
[BlackElo "2251"]
[PlyCount "131"]
[EventDate "2017.01.05"]
[EventType "swiss"]
[EventRounds "9"]
[EventCountry "HUN"]

1. e4 e6 2. d4 d5 3. Nd2 Be7 4. e5 b6 5. Qg4 Bf8 6. Ndf3 Ba6 7. Bxa6 Nxa6 8. a3
Qd7 9. Ne2 O-O-O 10. c3 Nb8 11. a4 Nc6 12. Nd2 f6 13. f4 h5 14. Qh3 g5 15. exf6
gxf4 16. Nxf4 Nxf6 17. O-O Ng4 18. Ng6 Bd6 19. Nxh8 Bxh2+ 20. Kh1 Rxh8 21. Nf3
Bd6 22. Ng5 e5 23. Nf7 Rh7 24. Nxd6+ Qxd6 25. dxe5 Ncxe5 26. Bf4 Kb7 27. a5 a6
28. axb6 cxb6 29. Rae1 Rf7 30. Qg3 Qf8 31. Kg1 h4 32. Qxh4 Rxf4 33. Rxf4 Qxf4
34. Rxe5 Qxe5 35. Qxg4 Qe3+ 36. Kh2 Qh6+ 37. Kg3 Qe3+ 38. Kh4 Qf2+ 39. Kg5 Qxb2
40. Qd7+ Kb8 41. Qd8+ Ka7 42. Qc7+ Ka8 43. Qc8+ Ka7 44. g4 a5 45. Kf5 Qc2+ 46.
Ke5 Qe4+ 47. Kd6 d4 48. Qc7+ Qb7 49. cxd4 Qxc7+ 50. Kxc7 a4 51. d5 a3 52. d6 a2
53. d7 a1=Q 54. d8=Q Qc3+ 55. Kd7 Qd4+ 56. Kc7 Qc4+ 57. Kd6 Qxg4 58. Qe7+ Ka6
59. Kd5 Qa4 60. Qf8 Qb5+ 61. Kd4 Ka5 62. Kc3 Qe5+ 63. Kb3 Qe3+ 64. Kb2 Qd4+ 65.
Kb3 Qd3+ 66. Kb2 1/2-1/2

[Event "Perényi Évadnyitó Open"]
[Site "Budapest"]
[Date "2017.01.10"]
[Round "5.8"]
[White "Szlabey, Geza"]
[Black "Havanecz, Bianka"]
[Result "0-1"]
[WhiteElo "1965"]
[BlackElo "2209"]
[PlyCount "94"]
[EventDate "2017.01.05"]
[EventType "swiss"]
[EventRounds "9"]
[EventCountry "HUN"]

1. e4 e5 2. Nf3 Nc6 3. Bc4 Bc5 4. O-O Nf6 5. d3 O-O 6. c3 d6 7. b4 Bb6 8. a4 a5
9. b5 Ne7 10. Bg5 Ng6 11. Qc2 h6 12. Be3 c6 13. Bxb6 Qxb6 14. Nbd2 d5 15. Ba2
Bg4 16. c4 dxe4 17. c5 Qc7 18. dxe4 cxb5 19. axb5 Rfc8 20. Rfc1 Nf4 21. Kf1 Qe7
22. Qc3 Bxf3 23. gxf3 Qd7 24. Qc4 Qh3+ 25. Ke1 Rc7 26. Rc3 Ne6 27. f4 Qxh2 28.
f5 Nd4 29. Qf1 Qf4 30. Qg2 Rd8 31. Qg3 Qxg3 32. fxg3 Nxb5 33. Rcc1 Nd4 34. Bc4
Ra8 35. Ra4 Nd7 36. Bd5 Rxc5 37. Rb1 Ra7 38. Bxb7 Rc3 39. Nc4 Nc5 40. Rxa5 Rxb7
41. Rxb7 Nxb7 42. Ra8+ Kh7 43. Nxe5 Nf3+ 44. Nxf3 Rxf3 45. Rb8 Nd6 46. Rb4 Re3+
47. Kf2 Rxe4 0-1